Gian van Veens Weg ins Darts WM Finale 2026 - Statistiken

Allgemein
  • Dieses Quiz wurde 58 mal gespielt
  • Das Durchschnittsergebnis liegt bei 5 aus 6
Antwortstatistiken
Runde Nationalität Ergebnis Spieler % Korrekt
Halbfinale Schottland 6:3 Gary Anderson
98%
3. Runde Lettland 4:1 Madars Razma
92%
1. Runde Spanien 3:1 Cristo Reyes
85%
Viertelfinale England 5:1 Luke Humphries
83%
2. Runde Schottland 3:1 Alan Soutar
60%
Achtelfinale England 4:1 Charlie Manby
42%
Keine übereinstimmenden Quizze gefunden
Verteilung der Resultate
Anzahl Personen mit jedem Resultat
Perzentil nach korrekt beantworteten Fragen
Ihre Resultats-Entwicklung
Sie haben dieses Quiz noch nicht gespielt